000 00966nam a2200265 a 4500
001 BRCA_1172
005 20190320203320.0
008 920331s1989 mx-a---###---#000-0dspa-#
020 _a9686292012
040 _aDLC
_cDLC
_dDLC
041 _aspa
_hger
050 4 _aF1371
_b.H34 1989
100 1 _aHegi, Johann Salomon
_d1814-1896
_93874
245 1 0 _aVeracruz de 1849 a 1860
_cpor J.S. Hegi.
260 _aMéxico
_bGrupo Aluminio
_c1989
300 _a155 p.
_bil. a color, mapas
_c30 cm.
500 _aCatálogo de la exposición realizada en el Museo Nacional de Historia (Ciudad de México), octubre 1989
500 _aIncluye biografía
600 1 4 _aHegi, Johann Salomon
_d1814-1896
_xRecorrido
_zMéxico
_93875
651 4 _aVeracruz
_xDescripción y recorrido
_zMéxico
_93876
651 4 _aVeracruz
_vTrabajos Ilustrados
_xVida social y costumbres
_zMéxico
_93877
651 4 _aMéxico en el arte
_zMéxico
_93878
653 0 _aVida cotidiana
942 _2lcc
_cB
999 _c1049
_d1049